| 000 | 00701nam a2200229 i 4500 | ||
|---|---|---|---|
| 001 | 178156 | ||
| 003 | ES-MaACL | ||
| 005 | 20250830053607.0 | ||
| 007 | t| | ||
| 008 | 110520s1967 sp r ||||1| spa d | ||
| 080 | _a27-23 | ||
| 100 | 1 |
_aFerrero, Juan José. _950552 |
|
| 245 | 1 | 0 |
_aIniciación a la teología bíblica / _cJuan José Ferrero Blanco. |
| 260 |
_aBarcelona : _bHerder, _c1967. |
||
| 300 |
_a106 p. ; _c18 cm. |
||
| 490 | 1 |
_aPequeña biblioteca Herder ; _v76 |
|
| 504 | _aBibliografía: p. 103-106. | ||
| 650 | 0 | 7 |
_aTeología bíblica _2embne _917465 |
| 830 | 0 |
_aPequeña biblioteca Herder ; _v76 _9190720 |
|
| 852 |
_aES-MaACL _jE-15170 _xOlim P-274 |
||
| 999 |
_c178156 _d178156 |
||